00664nam a2200205 a 450000100100000000500170001000800410002704000250006808200190009310000330011224500420014525000110018726000410019830000200023965000390025965000170029804900090031595201170032499900170044100001608620250609122030.0100225s200? dr 000 0 spa d aDO-SdBNPbspacBNPHU a398.961bF363p1 aFernández, Generoso93607510aPensamientos /cGeneroso Fernández. a2a ed. aSanto Domingo :bDiálogo,c[200?]. a57 p. ;c13 cm. 4aEspañolxPalabras y frases97109 0aCitas936076 aBNPD 0010718PDaPDbPDcCTd2010-02-25iLF1l0o398.961 F363pp16086-10r2020-06-25w2020-06-25yLFPDZNo se presta c15627d15627